Central Library OPAC University of Rajshahi

Virginia Woolf and her works / (Record no. 20525)

MARC details
000 -LEADER
fixed length control field 00957nam a2200289 i 4500
001 - CONTROL NUMBER
control field 20525
003 - CONTROL NUMBER IDENTIFIER
rucl marc code BD-RjUL
005 - DATE AND TIME OF LATEST TRANSACTION
control field 20211209000557.0
008 - FIXED-LENGTH DATA ELEMENTS--GENERAL INFORMATION
fixed length control field 140301s1965 enk b 001 1 eng d
035 ## - SYSTEM CONTROL NUMBER
System control number (BD-RjUL)20587
040 ## - CATALOGING SOURCE
Original cataloging agency DLC
Transcribing agency DLC
Modifying agency DLC
-- BD-RjUL
Language of cataloging eng
041 1# - LANGUAGE CODE
Language code of text/sound track or separate title eng
082 00 - DEWEY DECIMAL CLASSIFICATION NUMBER
Classification number 823.912
Author mark and year GUV 1965
100 1# - MAIN ENTRY--PERSONAL NAME
Personal name Guiguet, Jean.
9 (RLIN) 63319
245 10 - TITLE STATEMENT
Title Virginia Woolf and her works /
Statement of responsibility, etc. by Jean Guiguet ; translated by Jean Stewart.
260 ## - PUBLICATION, DISTRIBUTION, ETC. (IMPRINT)
Place of publication, distribution, etc. New York :
Name of publisher, distributor, etc. Harcourt Brace Jovanovich,
Date of publication, distribution, etc. c1965.
300 ## - PHYSICAL DESCRIPTION
Pagination 487 p. ;
Size 21 cm.
490 0# - SERIES STATEMENT
Series statement A Harvest book ;
Volume/sequential designation HB 342
504 ## - BIBLIOGRAPHY, ETC. NOTE
Bibliography, etc Bibliography: p. 465-482. and index.
600 10 - SUBJECT ADDED ENTRY--PERSONAL NAME
Personal name Woolf, Virginia,
Dates associated with a name 1882-1941.
650 #0 - SUBJECT ADDED ENTRY--TOPICAL TERM
Topical term or geographic name as entry element Women and literature
Geographic subdivision England
General subdivision History
Chronological subdivision 20th century.
9 (RLIN) 63321
Topical term or geographic name as entry element Novelists, English
Chronological subdivision 20th century
Form subdivision Biography.
9 (RLIN) 63322
942 ## - ADDED ENTRY ELEMENTS (KOHA)
Source of classification or shelving scheme Dewey Decimal Classification
Koha item type Books
Holdings
Lost status Source of classification or shelving scheme Damaged status Not for loan Collection code Permanent Location Current Location Shelving location Date acquired Source of acquisition Cost, normal purchase price Total Checkouts Full call number Date last seen Copy number Koha item type
  Dewey Decimal Classification   Added to bundle Fiction Central Library, University of Rajshahi Central Library, University of Rajshahi Reading Room 11/12/1972 Book centre,Dacca. 55.00   823.912 GUV 1965 01/03/2014 C-1 Books